|
|
|
|
| LEADER |
01457nam a22002537a 4500 |
| 001 |
40101 |
| 003 |
BD-DhAAL |
| 008 |
221120t20222016bg a|||| |||| 00| 0 eng d |
| 999 |
|
|
|c 45070
|d 45070
|
| 020 |
|
|
|a 9847035001982
|
| 040 |
|
|
|a BD-DhAAL
|c BD-DhAAL
|
| 082 |
|
|
|a 947
|2 23
|
| 100 |
|
|
|a Negahban, Amir
|9 52476
|
| 245 |
|
|
|a Taskhire Rusiah (conquest of Russia) /
|c Amir Negahban.
|
| 260 |
|
|
|a Dhaka :
|b Ramon Publishers,
|c c2016 [third print 2022].
|
| 300 |
|
|
|a 216 pages :
|b illustrations ;
|c 22 cm.
|
| 541 |
|
|
|a Complimentary copy from O.J.Trust
|e 40101, 40102, 40103, 40104
|
| 651 |
|
|
|a Russia
|x History.
|9 52477
|
| 852 |
|
|
|a Ayesha Abed Library
|c General Stacks
|
| 942 |
|
|
|2 ddc
|c BK
|
| 952 |
|
|
|0 0
|1 0
|2 ddc
|4 0
|6 947_000000000000000_NEG
|7 0
|9 72365
|a BRACUL
|b BRACUL
|c GEN
|d 2022-11-20
|e Complimentary copy from O.J.Trust
|g 500.00
|l 0
|o 947 NEG
|p 3010040101
|r 2022-11-20
|t 1
|w 2022-11-20
|y BK
|
| 952 |
|
|
|0 0
|1 0
|2 ddc
|4 0
|6 947_000000000000000_NEG
|7 0
|9 72366
|a BRACUL
|b BRACUL
|c GEN
|d 2022-11-20
|e Complimentary copy from O.J.Trust
|g 500.00
|l 0
|o 947 NEG
|p 3010040102
|r 2022-11-20
|t 2
|w 2022-11-20
|y BK
|
| 952 |
|
|
|0 0
|1 0
|2 ddc
|4 0
|6 947_000000000000000_NEG
|7 0
|9 72367
|a BRACUL
|b BRACUL
|c GEN
|d 2022-11-20
|e Complimentary copy from O.J.Trust
|g 500.00
|l 0
|o 947 NEG
|p 3010040103
|r 2022-11-20
|t 3
|w 2022-11-20
|y BK
|
| 952 |
|
|
|0 0
|1 0
|2 ddc
|4 0
|6 947_000000000000000_NEG
|7 0
|9 72368
|a BRACUL
|b BRACUL
|c GEN
|d 2022-11-20
|e Complimentary copy from O.J.Trust
|g 500.00
|l 1
|m 5
|o 947 NEG
|p 3010040104
|r 2025-03-10
|s 2025-01-19
|t 4
|w 2022-11-20
|y BK
|